<?xml version="1.0" encoding="UTF-8"?>
<collection xmlns="http://www.loc.gov/MARC21/slim">
 <record>
  <leader>00406pamaa2200133   4500</leader>
  <controlfield tag="001">0000039680</controlfield>
  <controlfield tag="005">20050801090000.0</controlfield>
  <datafield tag="020" ind1="0" ind2="0">
   <subfield code="a">[Nil] </subfield>
  </datafield>
  <datafield tag="090" ind1="0" ind2="0">
   <subfield code="a">DS5509.5 </subfield>
   <subfield code="b">FIT</subfield>
  </datafield>
  <datafield tag="100" ind1="1" ind2="0">
   <subfield code="a">FITZGERALD </subfield>
  </datafield>
  <datafield tag="245" ind1="1" ind2="4">
   <subfield code="a">The Third China : </subfield>
   <subfield code="b">the chinese communities in South-East Asia  </subfield>
   <subfield code="c">C.P. FitzGerald.</subfield>
  </datafield>
  <datafield tag="260" ind1="0" ind2="0">
   <subfield code="a">Singapore: </subfield>
   <subfield code="b">Donald Moore Press Ltd, </subfield>
   <subfield code="c">1969.</subfield>
  </datafield>
  <datafield tag="300" ind1=" " ind2=" ">
   <subfield code="a">vii, 106p.: </subfield>
   <subfield code="b">19 cm.</subfield>
  </datafield>
  <datafield tag="650" ind1="0" ind2="0">
   <subfield code="a">Chinese -- </subfield>
   <subfield code="z">Asia, Southeastern </subfield>
  </datafield>
 </record>
</collection>
